000
00207 a2200097 4500
001
5461
100
_a
White,MW
245
_a
Experimental college physics
260
_a
_b
McGraw Hill
_c
090
_c
4482
_d
4482
942
_a
NUST-CAE
_c
M
_c
30803
999
_c
240534
_d
240534